[Event "8th EUR-ch"]
[Site "Dresden GER"]
[Date "2007.04.12"]
[Round "9.177"]
[White "Fink, Leander"]
[Black "Bente, Bjoern"]
[Result "1-0"]
[WhiteElo "2054"]
[BlackElo "2238"]
[EventDate "2007.04.03"]
[PlyCount "65"]

1.e4 e5 2.Nf3 Nc6 3.Nc3 Nf6 4.a3 d5 5.Bb5 d4 6.Ne2 Bd6 7.Bxc6+ bxc6 8.d3 
h6 9.Ng3 O-O 10.O-O Be6 11.Qe2 Rb8 12.b3 Nd7 13.h3 Re8 14.a4 Nf8 15.Nf5 
Bxf5 16.exf5 Nd7 17.Nd2 Nf6 18.Ne4 Nd5 19.Qg4 Nf6 20.Nxf6+ Qxf6 21.Qe4 Bb4
22.Ba3 c5 23.Bxb4 cxb4 24.Rae1 Qd6 25.Re2 f6 26.Rfe1 Rbd8 27.g3 Qd5 28.
Qxd5+ Rxd5 29.Kg2 Rc5 30.Kf3 Rc6 31.Rd2 Rc5 32.Ree2 Kf7 33.Ke4 1-0

[Event "8th EUR-ch"]
[Site "Dresden GER"]
[Date "2007.04.12"]
[Round "9.180"]
[White "Johansen, Paul"]
[Black "Bruned, Boris"]
[Result "0-1"]
[WhiteElo "2108"]
[BlackElo "2194"]
[EventDate "2007.04.03"]
[PlyCount "70"]

1.a3 Nf6 2.Nf3 e6 3.d4 b6 4.Nc3 Bb7 5.Bg5 d5 6.e3 Be7 7.Ne5 Ne4 8.Bxe7 
Qxe7 9.Nxe4 dxe4 10.Nc4 O-O 11.c3 Nd7 12.Nd2 e5 13.Bc4 c5 14.dxc5 Nxc5 15.
O-O Rad8 16.Qc2 Rd6 17.Rad1 Rfd8 18.Nb3 Nd3 19.Rd2 Bc6 20.Qb1 Qg5 21.g3 
Qh6 22.Bxd3 exd3 23.f4 Qe6 24.Qd1 exf4 25.Rxf4 Qxe3+ 26.Rdf2 Rg6 27.Qd2 
Rxg3+ 28.hxg3 Qxg3+ 29.Kf1 Re8 30.Nd4 Qh3+ 31.Rg2 Bxg2+ 32.Qxg2 Qe3 33.Qf3
d2 34.Rxf7 Qxf3+ 35.Rxf3 d1=Q+ 0-1

[Event "8th EUR-ch"]
[Site "Dresden GER"]
[Date "2007.04.12"]
[Round "9.181"]
[White "Kayser, Felix"]
[Black "Mayer, Frank"]
[Result "1/2-1/2"]
[WhiteElo "2194"]
[BlackElo "2076"]
[EventDate "2007.04.03"]
[PlyCount "35"]

1.d4 Nf6 2.c4 c5 3.d5 b5 4.cxb5 a6 5.bxa6 Bxa6 6.Nc3 g6 7.e4 Bxf1 8.Kxf1 
d6 9.f4 Nbd7 10.g3 Bg7 11.Kg2 O-O 12.Nge2 Qb6 13.Qc2 Rfb8 14.Rf1 c4 15.Ng1
Nc5 16.Re1 Nfd7 17.Re2 Nb3 18.Nf3 1/2-1/2

[Event "8th EUR-ch"]
[Site "Dresden GER"]
[Date "2007.04.12"]
[Round "9.182"]
[White "Leiber, Bernard"]
[Black "Schnoor, Ekkehard"]
[Result "1-0"]
[WhiteElo "2190"]
[BlackElo "1936"]
[EventDate "2007.04.03"]
[PlyCount "65"]

1.d4 Nf6 2.Nf3 g6 3.c4 Bg7 4.Nc3 O-O 5.g3 d6 6.Bg2 Nbd7 7.O-O e5 8.b3 Re8 
9.Bb2 c6 10.Rc1 a5 11.e3 Qc7 12.Rc2 exd4 13.Nxd4 Nc5 14.Re2 Bd7 15.h3 Rad8
16.Qa1 Ra8 17.Rd1 a4 18.Qb1 Qb6 19.Ba1 axb3 20.axb3 Red8 21.Ra2 Ne6 22.
Nce2 Nc5 23.Bc3 Nce4 24.Rxa8 Rxa8 25.Bxe4 Nxe4 26.Qxe4 Bxh3 27.Nf4 Bd7 28.
Qc2 g5 29.Nfe2 c5 30.Nb5 Bxb5 31.Bxg7 Kxg7 32.cxb5 Qxb5 33.Rxd6 1-0

[Event "8th EUR-ch"]
[Site "Dresden GER"]
[Date "2007.04.12"]
[Round "9.183"]
[White "Kongevold, Hans"]
[Black "Stips, Felix"]
[Result "0-1"]
[WhiteElo "2178"]
[BlackElo "2029"]
[EventDate "2007.04.03"]
[PlyCount "160"]

1.c4 e5 2.Nc3 Nf6 3.Nf3 Nc6 4.g3 d5 5.cxd5 Nxd5 6.Bg2 Nb6 7.O-O Be7 8.a3 
O-O 9.b4 Be6 10.Rb1 f6 11.d3 a5 12.b5 Nd4 13.e3 Nxf3+ 14.Bxf3 Rb8 15.Qc2 
f5 16.Bg2 Bf6 17.Rd1 Rf7 18.Bb2 Rd7 19.Rbc1 Nd5 20.Nxd5 Bxd5 21.Bxd5+ Rxd5
22.Qc4 Kh8 23.Qxc7 Rxb5 24.Qc2 h6 25.d4 exd4 26.Bxd4 Bxd4 27.exd4 Rd5 28.
Re1 Qd6 29.Qc7 Rxd4 30.Qxd6 Rxd6 31.Re5 b6 32.Rb1 Rf8 33.Rbb5 f4 34.gxf4 
Rxf4 35.Re8+ Kh7 36.Rb8 Rd1+ 37.Kg2 Rd2 38.R8xb6 Rfxf2+ 39.Kg3 a4 40.h4 
Rg2+ 41.Kh3 Rge2 42.h5 Rd3+ 43.Kg4 Rxa3 44.Kf5 Rg3 45.Kf4 Reg2 46.Ra5 Rg5 
47.Rba6 Rxa5 48.Rxa5 Rg5 49.Rxa4 Rxh5 50.Kg4 Rh1 51.Ra5 Rg1+ 52.Kh5 g6+ 
53.Kh4 g5+ 54.Kh5 Rh1+ 55.Kg4 Rh4+ 56.Kg3 Rf4 57.Rb5 Kg6 58.Rb8 Rf7 59.
Rg8+ Kh7 60.Rb8 h5 61.Rb6 Kg7 62.Rb5 Kg6 63.Ra5 h4+ 64.Kg4 Rf4+ 65.Kh3 
Rf3+ 66.Kg2 Rf5 67.Ra8 Kh5 68.Ra4 g4 69.Ra8 h3+ 70.Kh2 Kh4 71.Ra4 Rf2+ 72.
Kg1 Re2 73.Rb4 Kg5 74.Rb3 Kf4 75.Ra3 Re3 76.Ra4+ Kg3 77.Ra1 Kf4 78.Kh2 
Re2+ 79.Kg1 g3 80.Rb1 Kf3 0-1

[Event "8th EUR-ch"]
[Site "Dresden GER"]
[Date "2007.04.12"]
[Round "9.184"]
[White "Magar, Johannes"]
[Black "Loew, Gerald"]
[Result "0-1"]
[WhiteElo "2093"]
[BlackElo "2285"]
[EventDate "2007.04.03"]
[PlyCount "156"]

1.e4 c5 2.Nf3 g6 3.d4 cxd4 4.Qxd4 Nf6 5.e5 Nc6 6.Qa4 Nd5 7.Qe4 Ndb4 8.Bb5 
Qa5 9.Nc3 Bg7 10.a3 O-O 11.Ba4 Na6 12.Bxc6 dxc6 13.b4 Qc7 14.Bf4 Bf5 15.
Qe3 Rad8 16.Rc1 Qb6 17.Qe2 Bg4 18.O-O Nc7 19.Na4 Qb5 20.Qxb5 Nxb5 21.c4 
Bxf3 22.cxb5 Be2 23.bxc6 Bxf1 24.c7 Rc8 25.Kxf1 g5 26.Bxg5 b5 27.Nc3 Rxc7 
28.Nxb5 Rxc1+ 29.Bxc1 a6 30.Na7 Bxe5 31.a4 Bd6 32.Nc6 Ra8 33.Be3 Kf8 34.
Ke2 Ke8 35.Kd3 Kd7 36.b5 axb5 37.axb5 Ra2 38.g3 Rb2 39.Kc4 Ra2 40.h4 h5 
41.Kb3 Ra3+ 42.Kb2 Rd3 43.Bd4 Rf3 44.Kc2 Rf5 45.Na7 Bc5 46.Bxc5 Rxc5+ 47.
Kd3 Kc7 48.Kd4 Rc2 49.Ke3 Rb2 50.Kf3 e6 51.Ke3 Kd6 52.f3 Kd5 53.g4 hxg4 
54.fxg4 Ke5 55.Nc6+ Kf6 56.Nd4 e5 57.g5+ Kg6 58.Nc6 Kf5 59.Ne7+ Ke6 60.Ng8
Rb3+ 61.Kf2 Rh3 62.h5 Rxh5 63.Nf6 Rh2+ 64.Ke3 Rb2 65.Ne8 Rb3+ 66.Ke4 Rb4+ 
67.Ke3 Rb1 68.Ke4 Re1+ 69.Kd3 Kd5 70.b6 Rb1 71.Nf6+ Ke6 72.Ke4 Rb4+ 73.Kf3
Rxb6 74.Ne4 Rb3+ 75.Ke2 Kf5 76.Nd6+ Kg6 77.Kf2 Rb6 78.Ne4 Kf5 0-1

[Event "8th EUR-ch"]
[Site "Dresden GER"]
[Date "2007.04.12"]
[Round "9.185"]
[White "Bakker, Sven"]
[Black "Hutchinson, Norman"]
[Result "1-0"]
[WhiteElo "2253"]
[BlackElo "2087"]
[EventDate "2007.04.03"]
[PlyCount "77"]

1.d4 Nf6 2.c4 e6 3.Nc3 Bb4 4.e3 O-O 5.Bd3 c5 6.Ne2 d5 7.cxd5 Nxd5 8.a3 
Bxc3+ 9.bxc3 Qc7 10.O-O c4 11.Bc2 Nd7 12.e4 Ne7 13.Bf4 Qc6 14.Ng3 Ng6 15.
Be3 Nb6 16.Qh5 Qd7 17.e5 Nd5 18.Ne4 f5 19.exf6 gxf6 20.Bh6 Rd8 21.Qxd5 
Qxd5 22.Nxf6+ Kf7 23.Nxd5 exd5 24.f4 Rg8 25.f5 Ne7 26.Rae1 Bd7 27.f6 Nc6 
28.Bg7 h5 29.h3 Rge8 30.Bd1 Kg6 31.Rxe8 Bxe8 32.g4 hxg4 33.Bc2+ Kf7 34.
hxg4 Bd7 35.g5 Nd8 36.g6+ Kg8 37.Bh6 Ne6 38.f7+ Kh8 39.f8=Q+ 1-0

[Event "8th EUR-ch"]
[Site "Dresden GER"]
[Date "2007.04.12"]
[Round "9.186"]
[White "Pick, Stefan"]
[Black "Schulz, Michael"]
[Result "0-1"]
[WhiteElo "2083"]
[BlackElo "2250"]
[EventDate "2007.04.03"]
[PlyCount "114"]

1.Nf3 g6 2.g3 Bg7 3.Bg2 c5 4.c4 Nc6 5.Nc3 Nf6 6.O-O O-O 7.e4 d6 8.h3 a6 9.
d3 Rb8 10.a4 Nd4 11.Nxd4 cxd4 12.Nd5 Nd7 13.a5 e6 14.Nf4 b5 15.b3 bxc4 16.
bxc4 Nc5 17.Ra3 Bd7 18.Qc2 Bc6 19.Bd2 Qd7 20.Rb1 Ba4 21.Qa2 Rxb1+ 22.Qxb1 
Qc7 23.Qb6 Rc8 24.Bb4 Bc6 25.Bxc5 dxc5 26.Rb3 Be5 27.Ne2 Rb8 28.Qxc7 Bxc7 
29.Nc1 Ba4 30.Ra3 Rb4 31.Bf1 Bc2 32.Ra2 Bd1 33.Kg2 Rb1 34.Ne2 f5 35.exf5 
gxf5 36.f4 h5 37.h4 Bb3 38.Ra3 Rb2 39.Kf2 Bc2 40.Bg2 Kg7 41.Bf3 Kg6 42.Ke1
Rb3 43.Rxb3 Bxb3 44.Nc1 Bxa5+ 45.Ke2 Ba4 46.Bb7 e5 47.fxe5 Bc7 48.Bxa6 
Bxe5 49.Kf2 f4 50.Bb7 fxg3+ 51.Kg2 Kf5 52.Bf3 Kf4 53.Ne2+ Ke3 54.Nxg3 Bxg3
55.Kxg3 Bc2 56.Bxh5 Bxd3 57.Bf7 Be2 0-1

[Event "8th EUR-ch"]
[Site "Dresden GER"]
[Date "2007.04.12"]
[Round "9.187"]
[White "Kleinert, Juergen"]
[Black "Natsidis, Christoph"]
[Result "0-1"]
[WhiteElo "2060"]
[BlackElo "2196"]
[EventDate "2007.04.03"]
[PlyCount "78"]

1.e4 e6 2.d4 d5 3.Nc3 Bb4 4.e5 Ne7 5.a3 Bxc3+ 6.bxc3 c5 7.Qg4 O-O 8.Bd3 
Qc7 9.Bd2 cxd4 10.cxd4 b6 11.Qh5 Ng6 12.Nf3 Nc6 13.O-O Nce7 14.Bb4 h6 15.
Bxe7 Qxe7 16.Bxg6 fxg6 17.Qxg6 Ba6 18.Rfe1 Rac8 19.a4 Rc6 20.a5 b5 21.Nd2 
b4 22.Nb3 Rf5 23.c4 dxc4 24.d5 Rg5 25.Qe4 Rc8 26.f4 Rg4 27.h3 Rg3 28.Nd4 
Bb7 29.Nxe6 Qxe6 30.dxe6 Bxe4 31.Rxe4 b3 32.Kf2 Rd3 33.Ke2 Rd5 34.Rd1 b2 
35.Rxc4 Rxc4 36.Rxd5 b1=Q 37.Rd8+ Kh7 38.e7 Qe4+ 39.Kf1 Qxf4+ 0-1

[Event "8th EUR-ch"]
[Site "Dresden GER"]
[Date "2007.04.12"]
[Round "9.188"]
[White "Windelband, Jens"]
[Black "Grigoryan, Meri"]
[Result "1-0"]
[WhiteElo "2181"]
[BlackElo "2058"]
[EventDate "2007.04.03"]
[PlyCount "71"]

1.f4 e5 2.fxe5 Nc6 3.Nf3 d6 4.exd6 Bxd6 5.Nc3 Bg4 6.Ne4 Nf6 7.Nf2 Qe7 8.e3
O-O-O 9.Be2 Bc5 10.Nd3 Bb6 11.O-O h5 12.a3 h4 13.Qe1 Ne4 14.Nf2 f5 15.c3 
h3 16.g3 Bxf3 17.Bxf3 Ng5 18.Bh1 Ne5 19.Qe2 Ng6 20.d4 c6 21.Bd2 Bc7 22.Nd3
Bxg3 23.hxg3 h2+ 24.Kg2 Nh4+ 25.Kf2 Ne4+ 26.Bxe4 Qxe4 27.Nf4 g5 28.gxh4 
Rxh4 29.Ng2 Rh3 30.Rh1 Re8 31.Raf1 f4 32.Qg4+ Kb8 33.Qxh3 Qc2 34.Rd1 Qd3 
35.Qf3 fxe3+ 36.Bxe3 1-0

[Event "8th EUR-ch"]
[Site "Dresden GER"]
[Date "2007.04.12"]
[Round "9.190"]
[White "Glantz, Robert"]
[Black "Kaphle, Stephan"]
[Result "1/2-1/2"]
[WhiteElo "1991"]
[BlackElo "2151"]
[EventDate "2007.04.03"]
[PlyCount "104"]

1.e4 c5 2.Nf3 d6 3.d4 cxd4 4.Nxd4 Nf6 5.Nc3 a6 6.Bg5 e6 7.f4 h6 8.Bh4 Be7 
9.Qf3 Qc7 10.O-O-O Nbd7 11.Bd3 g5 12.fxg5 Ne5 13.Qe2 Nfg4 14.Nf3 Nxf3 15.
Qxf3 Ne5 16.Qh5 Ng6 17.Bg3 hxg5 18.Qe2 Ne5 19.Rhf1 Bd7 20.h3 Rh7 21.Rf2 
O-O-O 22.Rdf1 f6 23.Bxe5 dxe5 24.Bc4 Kb8 25.Rd1 Bc8 26.Rxd8 Bxd8 27.Nd1 
Qc6 28.Bd3 Rh4 29.Rf3 Be7 30.Nf2 Rf4 31.Ng4 Qb6 32.c3 Rxf3 33.Qxf3 Qd8 34.
Kc2 Kc7 35.Bc4 Qh8 36.Bd3 Bd7 37.b4 Ba4+ 38.Kb2 Qd8 39.Qe3 Bd1 40.Nf2 Bh5 
41.g4 Be8 42.Bc4 Bd7 43.Nh1 Bc8 44.Nf2 Bd6 45.Bd3 Kd7 46.a3 b5 47.Bc2 Qc7 
48.Bb3 a5 49.Bc2 Ke8 50.Bd3 Bd7 51.Nh1 Qb8 52.Ng3 Qc7 1/2-1/2

[Event "8th EUR-ch"]
[Site "Dresden GER"]
[Date "2007.04.12"]
[Round "9.192"]
[White "Sejkora, Vlastimil"]
[Black "Grosse, Manfred"]
[Result "1-0"]
[WhiteElo "2219"]
[BlackElo "1955"]
[EventDate "2007.04.03"]
[PlyCount "109"]

1.e4 c5 2.g3 Nc6 3.Bg2 d6 4.Ne2 Nf6 5.c3 e6 6.O-O Be7 7.d4 O-O 8.h3 cxd4 
9.cxd4 d5 10.exd5 Nxd5 11.Nbc3 Nxc3 12.bxc3 Na5 13.Rb1 Rb8 14.Qd3 Qc7 15.
Rb5 b6 16.Rh5 g6 17.Rh6 Qc4 18.Qe3 Bb7 19.Bxb7 Rxb7 20.h4 Qxa2 21.h5 Nc4 
22.Qd3 Nd6 23.hxg6 Nf5 24.gxh7+ Kh8 25.Rh5 Ng7 26.Rh3 Rd7 27.Bh6 Qd5 28.
Nf4 Qf5 29.Qxf5 exf5 30.Nh5 Ne6 31.Bxf8 Nxf8 32.Re1 Ne6 33.Nf4 Ng5 34.Rh5 
Nf3+ 35.Kf1 Nxe1 36.Kxe1 Bd8 37.Kd2 Bc7 38.Nd3 Bd6 39.f4 a5 40.Ne5 Bxe5 
41.fxe5 b5 42.Kd3 a4 43.Rxf5 Ra7 44.Rh5 a3 45.Rh1 a2 46.Ra1 Kxh7 47.Kc2 
Kg6 48.Kb2 Kf5 49.Rxa2 Rb7 50.Kb3 Ke4 51.Kb4 Kd3 52.Ra3 f6 53.exf6 Rb6 54.
f7 Rf6 55.Ra7 1-0

[Event "8th EUR-ch"]
[Site "Dresden GER"]
[Date "2007.04.12"]
[Round "9.195"]
[White "Muehle, Hans-Bernd"]
[Black "Calder, Dennis"]
[Result "1-0"]
[WhiteElo "1944"]
[BlackElo "2009"]
[EventDate "2007.04.03"]
[PlyCount "101"]

1.e4 Nf6 2.e5 Nd5 3.d4 d6 4.Nf3 Bg4 5.Be2 c6 6.c4 Nc7 7.Nbd2 Nd7 8.O-O 
Bxf3 9.Nxf3 dxe5 10.dxe5 Ne6 11.Re1 g6 12.b4 Bg7 13.Bb2 O-O 14.Qb3 Qc7 15.
Bf1 a5 16.a3 Ra7 17.Rad1 axb4 18.axb4 Rfa8 19.Bd3 c5 20.b5 Ra4 21.Ra1 Rxa1
22.Bxa1 Qa5 23.Bb2 Qc7 24.Qc2 Ra2 25.Qb3 Qa5 26.Bb1 Ra4 27.Rd1 Rb4 28.Qc2 
Nd4 29.Nxd4 cxd4 30.f4 Nc5 31.Bxd4 Na4 32.Qd2 b6 33.Bc2 Rxc4 34.Qxa5 bxa5 
35.Bxa4 Rxa4 36.Bc5 f5 37.g3 Rc4 38.Bxe7 Kf7 39.Bd6 Rc3 40.Ra1 Bf8 41.Bxf8
Kxf8 42.Rxa5 Rb3 43.Ra8+ Kf7 44.Ra7+ Kf8 45.Rb7 h5 46.b6 Ke8 47.Kf2 Kd8 
48.e6 Rb4 49.Rd7+ Ke8 50.b7 Rb6 51.Rc7 1-0

[Event "8th EUR-ch"]
[Site "Dresden GER"]
[Date "2007.04.12"]
[Round "9.196"]
[White "Bruned, Vianney"]
[Black "Hesselbarth, Karlheinz"]
[Result "1-0"]
[WhiteElo "1929"]
[BlackElo "1929"]
[EventDate "2007.04.03"]
[PlyCount "63"]

1.e4 e5 2.Nf3 Nc6 3.Bb5 a6 4.Bxc6 dxc6 5.Nc3 Bd6 6.d4 exd4 7.Qxd4 f6 8.Be3
Ne7 9.O-O-O Be6 10.h4 c5 11.Qd3 Nc6 12.Nd5 Qd7 13.a3 O-O-O 14.Nd2 Rhe8 15.
Nc4 Kb8 16.Nxd6 cxd6 17.Nf4 Ne5 18.Qc3 Qf7 19.f3 Qc7 20.Nxe6 Rxe6 21.Rd5 
b6 22.Rhd1 Kb7 23.Qb3 c4 24.Qb4 b5 25.a4 Nc6 26.Qc3 Ne7 27.Rh5 bxa4 28.
Rxh7 Nc8 29.Qb4+ Ka8 30.Qxa4 d5 31.Bh6 Rd7 32.exd5 1-0

[Event "8th EUR-ch"]
[Site "Dresden GER"]
[Date "2007.04.13"]
[Round "10.1"]
[White "Volokitin, Andrei"]
[Black "Eljanov, Pavel"]
[Result "1/2-1/2"]
[WhiteElo "2654"]
[BlackElo "2686"]
[EventDate "2007.04.03"]
[PlyCount "37"]

1.e4 e5 2.Nf3 Nc6 3.Bb5 Nf6 4.O-O Nxe4 5.d4 Nd6 6.Bxc6 dxc6 7.dxe5 Nf5 8.
Qxd8+ Kxd8 9.Nc3 Bd7 10.h3 h6 11.b3 Kc8 12.Bb2 b6 13.Rad1 Ne7 14.Rd2 c5 
15.Rfd1 Be6 16.Ne2 g5 17.c4 Kb7 18.Nc3 Ng6 19.Nd5 1/2-1/2

[Event "8th EUR-ch"]
[Site "Dresden GER"]
[Date "2007.04.13"]
[Round "10.4"]
[White "Almasi, Zoltan"]
[Black "Gustafsson, Jan"]
[Result "1/2-1/2"]
[WhiteElo "2675"]
[BlackElo "2588"]
[EventDate "2007.04.03"]
[PlyCount "39"]

1.e4 e5 2.Nf3 Nc6 3.Bb5 a6 4.Ba4 Nf6 5.O-O Be7 6.Re1 b5 7.Bb3 O-O 8.h3 Bb7
9.d3 d6 10.c3 Na5 11.Bc2 c5 12.Nbd2 Re8 13.Nf1 Nc6 14.a4 h6 15.Bb3 Na5 16.
Bc2 Nc6 17.Ne3 Bf8 18.Nh2 d5 19.Nhg4 d4 20.Nxf6+ 1/2-1/2

[Event "8th EUR-ch"]
[Site "Dresden GER"]
[Date "2007.04.13"]
[Round "10.19"]
[White "Sedlak, Nikola"]
[Black "Gashimov, Vugar"]
[Result "1/2-1/2"]
[WhiteElo "2575"]
[BlackElo "2644"]
[EventDate "2007.04.03"]
[PlyCount "76"]

1.e4 c5 2.Nc3 d6 3.g3 g6 4.Bg2 Bg7 5.d3 Nc6 6.Nge2 Nf6 7.O-O O-O 8.h3 Nd7 
9.Rb1 Rb8 10.a3 a6 11.Bg5 b5 12.b4 Re8 13.Qd2 Nd4 14.Nxd4 cxd4 15.Ne2 Bb7 
16.c3 dxc3 17.Nxc3 Nb6 18.Bh6 Bh8 19.Rbc1 Rc8 20.Be3 e6 21.h4 Nd7 22.Ne2 
Ne5 23.Bd4 Bf6 24.Rxc8 Qxc8 25.Rc1 Qb8 26.Rc3 Rc8 27.Qc2 Rxc3 28.Qxc3 Be7 
29.f3 Nd7 30.Bh3 Qd8 31.Kf2 Nb8 32.Be3 Bf6 33.Qd2 Nd7 34.Bg5 Qb6+ 35.Be3 
Qc7 36.Qc1 Qxc1 37.Bxc1 Kf8 38.Ke3 Ke7 1/2-1/2

[Event "8th EUR-ch"]
[Site "Dresden GER"]
[Date "2007.04.13"]
[Round "10.21"]
[White "Socko, Bartosz"]
[Black "Markus, Robert"]
[Result "1/2-1/2"]
[WhiteElo "2641"]
[BlackElo "2567"]
[EventDate "2007.04.03"]
[PlyCount "99"]

1.d4 Nf6 2.c4 e6 3.Nf3 b6 4.g3 Ba6 5.Qa4 c6 6.Nc3 Be7 7.Bg2 O-O 8.O-O d5 
9.Ne5 Qe8 10.cxd5 cxd5 11.Qxe8 Rxe8 12.Bf4 Nbd7 13.Nxd7 Nxd7 14.Rfc1 Rac8 
15.a4 g5 16.Bd2 Bb4 17.e4 dxe4 18.Bxg5 Bxc3 19.bxc3 Bd3 20.a5 f6 21.Bf4 
Nf8 22.f3 exf3 23.Bxf3 Ng6 24.Bd6 Red8 25.Bb4 Rc7 26.Ra3 Ne7 27.c4 Bg6 28.
axb6 axb6 29.Ra6 Nc8 30.d5 exd5 31.c5 Rdd7 32.Ra8 bxc5 33.Rxc5 Rxc5 34.
Bxc5 Rc7 35.Bd4 Be4 36.Bxe4 dxe4 37.Bxf6 Kf7 38.Bg5 Nb6 39.Ra6 Rb7 40.Kg2 
Nc4 41.Rf6+ Kg7 42.Re6 Rb2+ 43.Kh3 e3 44.Bxe3 Nxe3 45.Rxe3 h5 46.Re1 Kg6 
47.Rg1 Kg5 48.Rg2 Rxg2 49.Kxg2 h4 50.gxh4+ 1/2-1/2

[Event "8th EUR-ch"]
[Site "Dresden GER"]
[Date "2007.04.13"]
[Round "10.28"]
[White "Arutinian, David"]
[Black "Efimenko, Zahar"]
[Result "0-1"]
[WhiteElo "2544"]
[BlackElo "2620"]
[EventDate "2007.04.03"]
[PlyCount "66"]

1.d4 Nf6 2.c4 g6 3.Nc3 Bg7 4.e4 d6 5.Nf3 O-O 6.h3 Na6 7.Bg5 c6 8.Bd3 e5 9.
O-O exd4 10.Nxd4 Re8 11.Re1 h6 12.Bf4 Nc5 13.Bc2 Nh5 14.Be3 Ne6 15.Nxe6 
Bxe6 16.Bb3 Be5 17.Qf3 Qh4 18.Rad1 g5 19.g4 Nf4 20.Bxf4 gxf4 21.c5 Bxb3 
22.axb3 dxc5 23.Rd7 Re7 24.Red1 Rae8 25.Ne2 Qf6 26.Kg2 b6 27.R1d2 a5 28.
Rxe7 Qxe7 29.Nxf4 Qg5 30.Kg3 Re6 31.h4 Qe7 32.Qd1 Rf6 33.Rd7 Bxf4+ 0-1

[Event "8th EUR-ch"]
[Site "Dresden GER"]
[Date "2007.04.13"]
[Round "10.29"]
[White "Wojtaszek, Radoslaw"]
[Black "Georgiev, Vladimir"]
[Result "0-1"]
[WhiteElo "2620"]
[BlackElo "2540"]
[EventDate "2007.04.03"]
[PlyCount "142"]

1.d4 d5 2.c4 c6 3.Nc3 Nf6 4.Nf3 e6 5.Bg5 h6 6.Bh4 dxc4 7.e4 g5 8.Bg3 b5 9.
Be2 Bb7 10.e5 Nd5 11.Nd2 Nxc3 12.bxc3 c5 13.Bf3 Bd5 14.Ne4 Nd7 15.Nd6+ 
Bxd6 16.Bxd5 Be7 17.Bc6 Rb8 18.d5 Rb6 19.a4 b4 20.Bb5 h5 21.h3 h4 22.Bh2 
Qa8 23.dxe6 Qe4+ 24.Kf1 O-O 25.exd7 bxc3 26.Qe2 Qb7 27.Qf3 a6 28.Qxb7 Rxb7
29.Bxc4 Rb4 30.Bd5 Rd4 31.Bf3 c4 32.g4 Rxd7 33.Kg2 Rd2 34.Rhd1 Rfd8 35.
Rac1 R8d3 36.e6 f6 37.Rxd2 cxd2 38.Rb1 Rb3 39.Rd1 c3 40.Be4 Rb4 41.Bf5 
Rxa4 42.Kf1 Ra2 43.Ke2 c2 44.Bxc2 Rxc2 45.Rb1 Rc6 46.Rb8+ Kg7 47.Kxd2 Rxe6
48.Rb7 Kg6 49.Rb8 Bc5 50.f3 Be3+ 51.Kd1 Re7 52.Ra8 Ba7 53.Bd6 Rd7 54.Ke2 
Rxd6 55.Rxa7 f5 56.gxf5+ Kxf5 57.Ke3 Re6+ 58.Kf2 Rb6 59.Rf7+ Rf6 60.Re7 
Rb6 61.Rf7+ Ke5 62.Ra7 Kd4 63.Rd7+ Kc4 64.Rf7 a5 65.f4 gxf4 66.Rxf4+ Kb3 
67.Rxh4 a4 68.Re4 a3 69.Kg3 Rb4 70.Re1 a2 71.h4 Kb2 0-1

[Event "8th EUR-ch"]
[Site "Dresden GER"]
[Date "2007.04.13"]
[Round "10.30"]
[White "Bocharov, Dmitry"]
[Black "Ruck, Robert"]
[Result "0-1"]
[WhiteElo "2614"]
[BlackElo "2534"]
[EventDate "2007.04.03"]
[PlyCount "84"]

1.c4 e5 2.Nc3 Nf6 3.Nf3 Nc6 4.e3 Bb4 5.Qc2 Bxc3 6.Qxc3 Qe7 7.d3 d5 8.cxd5 
Nxd5 9.Qc2 Ncb4 10.Qb1 Qc5 11.Kd1 O-O 12.a3 Nc6 13.Qc2 Qd6 14.Bd2 Nb6 15.
Rc1 Be6 16.Be2 Rad8 17.Ke1 Bf5 18.b4 a6 19.e4 Bg4 20.Be3 Bxf3 21.gxf3 Nd7 
22.Rg1 Rfe8 23.Qc3 g6 24.Rg4 Nf8 25.f4 Ne6 26.f5 Nf4 27.Kd2 Rd7 28.Qc5 Qf6
29.Rc3 Red8 30.h4 Nd4 31.Bxd4 Rxd4 32.Qxc7 Rxe4 33.Bf3 Red4 34.Kc2 R4d7 
35.Qc4 Nxd3 36.Kb3 Qxf5 37.Qe4 Qe6+ 38.Qc4 Qf5 39.Rg3 b5 40.Qg4 Nc5+ 41.
Kb2 Rd2+ 42.Kc1 Nb3+ 0-1

[Event "8th EUR-ch"]
[Site "Dresden GER"]
[Date "2007.04.13"]
[Round "10.31"]
[White "Jankovic, Alojzije"]
[Black "Hracek, Zbynek"]
[Result "1/2-1/2"]
[WhiteElo "2541"]
[BlackElo "2613"]
[EventDate "2007.04.03"]
[PlyCount "44"]

1.d4 Nf6 2.c4 e6 3.Nc3 Bb4 4.Qc2 d5 5.a3 Bxc3+ 6.Qxc3 Ne4 7.Qc2 c5 8.dxc5 
Nc6 9.e3 Qa5+ 10.Bd2 Nxd2 11.Qxd2 dxc4 12.Bxc4 Qxc5 13.Rc1 O-O 14.Nf3 Rd8 
15.Qc3 Bd7 16.b4 Qb6 17.O-O Rac8 18.Qb3 Be8 19.Rc3 a5 20.b5 a4 21.Qc2 Na5 
22.Be2 Rxc3 1/2-1/2

[Event "8th EUR-ch"]
[Site "Dresden GER"]
[Date "2007.04.13"]
[Round "10.33"]
[White "Iljin, Artem"]
[Black "Nepomniachtchi, Ian"]
[Result "1-0"]
[WhiteElo "2538"]
[BlackElo "2602"]
[EventDate "2007.04.03"]
[PlyCount "55"]

1.d4 d5 2.Nf3 Nf6 3.c4 c6 4.Nc3 e6 5.Bg5 h6 6.Bh4 dxc4 7.e4 g5 8.Bg3 b5 9.
Be2 Bb7 10.O-O Nbd7 11.Ne5 Bg7 12.Nxd7 Nxd7 13.Bd6 a6 14.a4 e5 15.Bg4 exd4
16.e5 c5 17.Bf3 Ra7 18.Bxb7 Rxb7 19.Ne4 Nxe5 20.axb5 axb5 21.f4 gxf4 22.
Qh5 Rb6 23.Bxe5 Qd5 24.Rxf4 Rg6 25.Nd6+ Rxd6 26.Rxf7 Bxe5 27.Rb7+ Kf8 28.
Ra8+ 1-0

[Event "8th EUR-ch"]
[Site "Dresden GER"]
[Date "2007.04.13"]
[Round "10.35"]
[White "Stern, Rene"]
[Black "Vitiugov, Nikita"]
[Result "0-1"]
[WhiteElo "2476"]
[BlackElo "2592"]
[EventDate "2007.04.03"]
[PlyCount "80"]

1.d4 Nf6 2.c4 e6 3.Nc3 Bb4 4.Bd2 O-O 5.Nf3 b6 6.e3 Bb7 7.Be2 Bxc3 8.Bxc3 
Ne4 9.Rc1 d6 10.O-O Nd7 11.Nd2 Qg5 12.Nxe4 Bxe4 13.g3 Bb7 14.Bd2 f5 15.f3 
Qg6 16.Rf2 Nf6 17.Bf1 h5 18.Bg2 h4 19.gxh4 Qh7 20.c5 Bd5 21.cxd6 cxd6 22.
Rc7 Qxh4 23.Qa4 a5 24.Qa3 Ne8 25.Rc2 Rf6 26.Qd3 Rg6 27.b3 Nf6 28.Qe2 Nh7 
29.Kh1 Rh6 30.Bf1 Ng5 31.e4 Nxe4 32.fxe4 Bxe4+ 33.Kg1 Rg6+ 34.Rg2 Bxg2 35.
Bxg2 Rf8 36.Qf2 Qe4 37.Rc1 f4 38.Re1 Qc2 39.Bc1 Rc8 40.Qf1 f3 0-1

[Event "8th EUR-ch"]
[Site "Dresden GER"]
[Date "2007.04.13"]
[Round "10.40"]
[White "Neverov, Valeriy"]
[Black "Moiseenko, Alexander"]
[Result "1-0"]
[WhiteElo "2540"]
[BlackElo "2630"]
[EventDate "2007.04.03"]
[PlyCount "99"]

1.d4 f5 2.Nf3 Nf6 3.g3 e6 4.Bg2 d5 5.O-O Bd6 6.c4 c6 7.b3 Qe7 8.Bb2 b6 9.
Nbd2 O-O 10.Ne5 Bb7 11.Rc1 a5 12.Nd3 Na6 13.Nf3 Rac8 14.Nfe5 Rfd8 15.e3 
Nb4 16.a3 Nxd3 17.Nxd3 c5 18.dxc5 bxc5 19.Qc2 Ne4 20.Rfd1 d4 21.exd4 cxd4 
22.Bxd4 Bxg3 23.hxg3 Rxd4 24.Ne5 Rcd8 25.Rxd4 Rxd4 26.c5 Rd2 27.Qc4 Bd5 
28.Qa6 h5 29.Qxa5 Ra2 30.Bxe4 fxe4 31.Qc3 h4 32.c6 Qc7 33.gxh4 Rxa3 34.Rb1
Ra8 35.b4 Qe7 36.Qg3 e3 37.f3 e2 38.b5 Ra2 39.b6 Qc5+ 40.Kh1 Rb2 41.Rg1 
Qf8 42.b7 Bxc6 43.Nxc6 Rxb7 44.Re1 Rb2 45.Kg2 Qf6 46.Ne5 Rb4 47.Ng4 Qb2 
48.Qf2 Rc4 49.Rxe2 Qb7 50.Qg3 1-0

[Event "8th EUR-ch"]
[Site "Dresden GER"]
[Date "2007.04.13"]
[Round "10.41"]
[White "Postny, Evgeny"]
[Black "Chuchelov, Vladimir"]
[Result "1-0"]
[WhiteElo "2622"]
[BlackElo "2539"]
[EventDate "2007.04.03"]
[PlyCount "93"]

1.d4 Nf6 2.c4 e6 3.Nf3 b6 4.g3 Ba6 5.Qc2 Bb7 6.Bg2 c5 7.d5 exd5 8.cxd5 
Nxd5 9.O-O Be7 10.Rd1 Qc8 11.Bg5 h6 12.Bxe7 Nxe7 13.e4 O-O 14.Nc3 Nbc6 15.
Rd2 Qb8 16.Rad1 Rd8 17.a3 Ng6 18.Nb5 d5 19.exd5 Nce5 20.Nxe5 Nxe5 21.Re2 
a6 22.Nc3 b5 23.Qf5 Ng6 24.Ne4 Qc7 25.d6 Qb8 26.Qxc5 Ra7 27.Qb6 Qa8 28.d7 
Nf8 29.Nf6+ gxf6 30.Qxd8 Qxd8 31.Re8 Ra8 32.Rxd8 Rxd8 33.Bxb7 a5 34.Bc6 b4
35.a4 Ng6 36.Rd6 Kf8 37.Rxf6 Ke7 38.Rf5 Kd6 39.Bb5 Ne5 40.Rf6+ Kd5 41.Rxh6
Nxd7 42.Rh5+ Kd4 43.Rh4+ Ke5 44.Rc4 Nb6 45.f4+ Kf5 46.Rc6 Nc8 47.Rxc8 1-0

[Event "8th EUR-ch"]
[Site "Dresden GER"]
[Date "2007.04.13"]
[Round "10.42"]
[White "Pashikian, Arman"]
[Black "Graf, Alexander"]
[Result "0-1"]
[WhiteElo "2538"]
[BlackElo "2620"]
[EventDate "2007.04.03"]
[PlyCount "114"]

1.d4 Nf6 2.c4 e6 3.Nf3 d5 4.g3 dxc4 5.Bg2 c5 6.O-O Nc6 7.dxc5 Qxd1 8.Rxd1 
Bxc5 9.Nbd2 c3 10.bxc3 Bd7 11.Rb1 Rb8 12.Nb3 Be7 13.Nfd4 Nxd4 14.cxd4 Nd5 
15.Bd2 Ba4 16.Re1 b6 17.Nc5 Bc6 18.e4 Nf6 19.Na6 Rc8 20.Bf4 Bb7 21.Nc7+ 
Kd7 22.Nb5 a6 23.Nd6 Bxd6 24.Bxd6 Kxd6 25.e5+ Kc7 26.exf6 gxf6 27.d5 Bxd5 
28.Bxd5 exd5 29.Re7+ Kc6 30.Rxf7 Rcf8 31.Ra7 a5 32.a4 Re8 33.Rf7 Rhf8 34.
Rc1+ Kd6 35.Rb7 Re4 36.Rxb6+ Ke5 37.f4+ Kf5 38.Rd6 Rd4 39.Rc5 Ke4 40.Rxa5 
Rd2 41.Rb5 Rc8 42.Rb1 Rcc2 43.Rxf6 Rg2+ 44.Kh1 Rxh2+ 45.Kg1 d4 46.Re6+ Kf3
47.Rb3+ Kg4 48.Rd3 Rcg2+ 49.Kf1 Ra2 50.Kg1 Rhc2 51.Re1 Rg2+ 52.Kh1 Rxg3 
53.Rxg3+ Kxg3 54.f5 Kf2 55.Re6 d3 56.Kh2 Kf3+ 57.Kh3 Ra1 0-1